00473 2200181 4500245007600000020001800076250001100094100001600105700001700121700001800138650001700156005001900173260003100192041001400223084001300237300003200250336000900282 aPsychic Detective Yakumo b : The Alternate Story 3cOda, SuzukahText a9786022106272 aCet. 1 aOda, Suzuka aYoke Yuliana aAswini Rosita aKomik Jepang a20230414083746 aJakartabPT Gramediac2012 aIndonesia a741.5592 a... jil. :bilus. ;c17 cm. atext